000 01391nam a22004457a 4500
001 0067732
003 KOHA_MİRAKIL
005 20260207004724.0
007 ta
008 220927b2022 tu |||gr||||#0|||0|tur |
020 _a9786057822826
040 _aTR-BiSEU
_btur
_cTR-BiSEU
_erda
041 0 _atur
044 _ctu
050 _aHV6433
_b.O98 2022
100 1 _aÖztürk, Selim.
245 1 _aOrtadoğu'da dini istismar eden örgütler/
_cSelim Öztürk ; Selim Öztürk.
264 1 _aAnkara :
_bPolis Akademisi Yayınları
_c2022
300 _a166 sayfa ;
_c24 cm.
336 _ametin
_btxt
_2rdacontent
337 _aaracısız
_bn
_2rdamedia
338 _acilt
_bnc
_2rdacarrier
490 1 _aPolis Akademisi yayınları ;
_v139
500 _aKaynakça var.
650 0 _aDini örgütler.
_9128602
650 0 _aOrta Doğu--Tarihçe.
_9128603
650 0 _aTerörizm.
_96805
650 0 _aYıkıcı faaliyetler.
_9128604
650 0 _aTerörizm--Türkiye.
_96333
650 0 _aTerörizm--Irak.
_9128605
650 0 _aTerörizm--Suriye.
_937333
650 0 _aTerörizm--Yemen.
_9128606
650 0 _aTerörizm--Orta Doğu.
_9128607
650 0 _aTerrorism--Turkey.
_96335
650 0 _aTerrorism--Iraq.
_9128608
650 0 _aTerrorism--Syria.
_937332
830 1 _aPolis Akademisi yayınları ;
_v139
_983713
907 _aTerörizm
942 _2lcc
_cBK
999 _c68303
_d68303